000 00283nam a22001337a 4500
003 SGT
082 _a612.015
_bD15S
100 _aDUBEY,SATYADEV
245 _aDARYVIYA GUN SUTRAM
250 _a1ST
260 _aVARANASHI
_bCHAUKHAMBHA PUB.
_c2015
300 _a159
942 _2ddc
_cBK
_05
999 _c8298
_d8298